Intermediate Accounting (Record no. 3684)

MARC details
005 - DATE AND TIME OF LATEST TRANSACTION
control field 20250613125806.0
020 ## - INTERNATIONAL STANDARD BOOK NUMBER
International Standard Book Number 0-07-246613-8
082 ## - DEWEY DECIMAL CLASSIFICATION NUMBER
Classification number 657.044 SPI
100 ## - MAIN ENTRY--PERSONAL NAME
Author name SPICELAND,D.J.
245 ## - TITLE STATEMENT
Title Intermediate Accounting
250 ## - EDITION STATEMENT
Edition statement 3rd Ed.
260 ## - PUBLICATION, DISTRIBUTION, ETC.
Place of publication, distribution, etc. NewYork,
Name of publisher, distributor, etc. McGraw-Hill Irwin,
Date of publication, distribution, etc. 2004.
300 ## - PHYSICAL DESCRIPTION
Extent xxxii,1174p.:ill.;pictures,tables
Other physical details Index
Dimensions 28cm
700 ## - ADDED ENTRY--PERSONAL NAME
Other authors/Editors Sepe.F.James,
700 ## - ADDED ENTRY--PERSONAL NAME
Other authors/Editors Tomassini. A.Lawrence
942 ## - ADDED ENTRY ELEMENTS (KOHA)
Source of classification or shelving scheme Dewey Decimal Classification
Koha item type Books
Holdings
Date last seen Total checkouts Full call number Barcode Price effective from Koha item type Lost status Source of classification or shelving scheme Damaged status Not for loan Withdrawn status Home library Current library Shelving location Date acquired Source of acquisition
06/11/2025   657.044 SPI MZA000730 06/11/2025 Books   Dewey Decimal Classification       CBE Mwanza CBE Mwanza General Collection 07/11/2007 Library Budget